[Event "Hannover Bezirks-ch A"]
[Site "Lehrte"]
[Date "2019.10.03"]
[Round "2.2"]
[White "Izrailev, Alexander"]
[Black "Celik, Abdullah1"]
[Result "1-0"]
[WhiteElo "2285"]
[BlackElo "2011"]
[PlyCount "91"]
[EventDate "2019.10.03"]
[EventType "swiss"]
[EventRounds "7"]
[EventCountry "GER"]
[SourceTitle "EXT 2023"]
[Source "ChessBase"]
[SourceDate "2022.10.05"]
[SourceVersion "1"]
[SourceVersionDate "2022.10.05"]
[SourceQuality "1"]

1. e4 c5 2. Nf3 d6 3. d4 cxd4 4. Nxd4 Nf6 5. Nc3 a6 6. Be3 e5 7. Nb3 Be6 8. h3 Nbd7 9. Qf3 Rc8 10. 0-0-0 Be7 11. g4 Nb6 12. Nc5 Qc7 13. Nxe6 fxe6 14. g5 Nfd7 15. Qh5+ g6 16. Qg4 Na4 17. Bd2 b5 18. Bd3 Ndc5 19. Kb1 Nxd3 20. cxd3 Nc5 21. Qg3 b4 22. Ne2 a5 23. Rc1 0-0 24. h4 Qb7 25. Rh3 Qb5 26. Qe3 Bd8 27. d4 exd4 28. Nxd4 Qb7 29. f3 Bb6 30. h5 Na4 31. hxg6 Rxc1+ 32. Bxc1 hxg6 33. Qd3 Nc5 34. Qb5 e5 35. Nc6 Qd7 36. Rh6 Bd8 37. Rxg6+ Kh7 38. Rh6+ Kg7 39. g6 Rh8 40. Rxh8 Kxh8 41. Qc4 Ne6 42. Nxd8 Nxd8 43. Bg5 Ne6 44. Bf6+ Kg8 45. Qd5 Qe8 46. Qxd6 1-0

[Event "Hannover Bezirks-ch A"]
[Site "Lehrte"]
[Date "2019.10.03"]
[Round "1.2"]
[White "Kubicki, Ulrich"]
[Black "Izrailev, Alexander"]
[Result "0-1"]
[WhiteElo "1901"]
[BlackElo "2285"]
[PlyCount "140"]
[EventDate "2019.10.03"]
[EventType "swiss"]
[EventRounds "7"]
[EventCountry "GER"]
[SourceTitle "EXT 2023"]
[Source "ChessBase"]
[SourceDate "2022.10.05"]
[SourceVersion "1"]
[SourceVersionDate "2022.10.05"]
[SourceQuality "1"]

1. e4 g6 2. d4 Nf6 3. Nc3 c5 4. Nf3 cxd4 5. Nxd4 Nc6 6. Be3 Bg7 7. f3 0-0 8. Qd2 d5 9. Nxc6 bxc6 10. 0-0-0 Be6 11. Bh6 Qa5 12. Bxg7 Kxg7 13. e5 Nd7 14. h4 Nxe5 15. h5 Rh8 16. Re1 Nd7 17. Qd4+ Nf6 18. g4 Qb6 19. Qe5 Qb8 20. Qd4 g5 21. h6+ Kf8 22. Bd3 a5 23. Re2 Qb4 24. Qe5 Rg8 25. a3 Qd6 26. Rhe1 Qxe5 27. Rxe5 Nd7 28. Rxe6 fxe6 29. Rxe6 Nf6 30. Rxc6 Kf7 31. Bf5 Rgd8 32. f4 gxf4 33. g5 d4 34. Ne2 f3 35. Ng3 Rd6 36. Rxd6 exd6 37. gxf6 Kxf6 38. Bxh7 Rh8 39. Bd3 Rxh6 40. Kd1 Ke5 41. b4 axb4 42. axb4 Kf4 43. Nf1 Re6 44. b5 d5 45. Kd2 Re7 46. Kc1 Ke5 47. Kb2 Kd6 48. Kb3 Re1 49. Ka2 f2 50. Kb2 Kc5 51. Ka2 Kb4 52. Kb2 Re6 53. Nd2 Re1 54. Nf1 Re6 55. Nd2 Rh6 56. Nf1 Kc5 57. Nd2 Kd6 58. Nf1 Ke5 59. Nd2 Kf4 60. Nf1 Re6 61. Nd2 Re1 62. Nf1 Kf3 63. Nd2+ Kg2 64. Nf1 Kg1 65. Nd2 Rd1 66. Nf1 Rxd3 67. cxd3 Kxf1 68. b6 Ke1 69. b7 f1Q 70. b8Q Qxd3 0-1

[Event "Langenhagen Summer op 1st"]
[Site "Langenhagen"]
[Date "2019.07.05"]
[Round "3"]
[White "Izrailev, Alexander"]
[Black "Jacobi, Felix Hagen"]
[Result "1-0"]
[WhiteElo "2285"]
[BlackElo "2098"]
[PlyCount "79"]
[EventDate "2019.07.04"]
[EventType "swiss"]
[EventRounds "7"]
[EventCountry "GER"]
[SourceTitle "EXT 2020"]
[Source "ChessBase"]
[SourceDate "2019.10.17"]
[SourceVersion "1"]
[SourceVersionDate "2019.10.17"]
[SourceQuality "1"]

1. e4 c6 2. d4 d5 3. Nc3 a6 4. Nf3 Bg4 5. h3 Bh5 6. Be3 e6 7. g4 dxe4 8. Ne5 Bg6 9. h4 f6 10. h5 Bf7 11. Nxf7 Kxf7 12. Nxe4 Nd7 13. Qf3 Nb6 14. Bd3 Qd5 15. b3 Bb4+ 16. Ke2 Rf8 17. c4 Qd7 18. a3 Be7 19. Ng5+ Ke8 20. Nxh7 Rf7 21. Bg6 Nh6 22. Bxh6 gxh6 23. Nxf6+ Bxf6 24. Qxf6 Rhh7 25. Rh3 Kf8 26. Bxf7 Rxf7 27. Qh8+ Ke7 28. Rf3 Qd6 29. Rxf7+ Kxf7 30. Qh7+ Ke8 31. Qg8+ Kd7 32. Qg7+ Kc8 33. Qe5 Qe7 34. Qh8+ Kc7 35. g5 hxg5 36. h6 Nd7 37. Qg7 Qf6 38. Qxf6 Nxf6 39. Rh1 Nh7 40. f4 1-0

[Event "Hannover Bezirk-ch A"]
[Site "Hannover"]
[Date "2018.10.07"]
[Round "7.2"]
[White "Brockmeyer, Tobias"]
[Black "Izrailev, Alexander"]
[Result "1/2-1/2"]
[WhiteElo "1738"]
[BlackElo "2302"]
[PlyCount "45"]
[EventDate "2018.10.04"]
[EventType "swiss"]
[EventRounds "7"]
[EventCountry "GER"]
[SourceTitle "EXT 2022"]
[Source "ChessBase"]
[SourceDate "2021.10.06"]
[SourceVersion "1"]
[SourceVersionDate "2021.10.06"]
[SourceQuality "1"]

1. d4 Nf6 2. c4 e6 3. Nc3 Bb4 4. f3 d5 5. a3 Bxc3+ 6. bxc3 0-0 7. cxd5 exd5 8. e3 Re8 9. Bd3 c5 10. Ne2 Nc6 11. 0-0 b6 12. Ng3 a5 13. Ra2 Ba6 14. Re2 Bxd3 15. Qxd3 Qd7 16. Rb2 Rab8 17. Qb1 Qc7 18. a4 Na7 19. Qd3 Nc6 20. e4 cxd4 21. cxd4 Nb4 22. Qb3 Rbc8 23. e5 1/2-1/2

[Event "Hannover Bezirk-ch A"]
[Site "Hannover"]
[Date "2018.10.06"]
[Round "5.1"]
[White "Hartogh, Christian"]
[Black "Izrailev, Alexander"]
[Result "1/2-1/2"]
[WhiteElo "1937"]
[BlackElo "2302"]
[PlyCount "89"]
[EventDate "2018.10.04"]
[EventType "swiss"]
[EventRounds "7"]
[EventCountry "GER"]
[SourceTitle "EXT 2022"]
[Source "ChessBase"]
[SourceDate "2021.10.06"]
[SourceVersion "1"]
[SourceVersionDate "2021.10.06"]
[SourceQuality "1"]

1. e4 d5 2. exd5 Qxd5 3. Nc3 Qd8 4. d4 g6 5. Nf3 Bg7 6. h3 Nf6 7. Bc4 0-0 8. Bg5 Nbd7 9. Qd2 c5 10. 0-0-0 cxd4 11. Nxd4 Qc7 12. Be2 a6 13. h4 b5 14. h5 b4 15. Nb1 Ne4 16. Qe3 Nxg5 17. Qxg5 Nf6 18. hxg6 hxg6 19. Nd2 e5 20. N4f3 Re8 21. Rh4 e4 22. Nd4 Qe5 23. Qxe5 Rxe5 24. Nc4 Rg5 25. Nb6 Rb8 26. Nxc8 Rxc8 27. g3 a5 28. Kb1 Rd8 29. Rhh1 Ng4 30. Bxg4 Rxg4 31. Nc6 Rxd1+ 32. Rxd1 e3 33. fxe3 Rxg3 34. Re1 Bh6 35. e4 Bd2 36. Rd1 a4 37. a3 b3 38. cxb3 axb3 39. a4 Rg5 40. e5 Rg4 41. a5 Be3 42. Re1 Bd2 43. Rd1 Be3 44. Re1 Bd2 45. Rd1 1/2-1/2

[Event "Niedersachsen-ch"]
[Site "Verden"]
[Date "2018.01.06"]
[Round "5"]
[White "Polster, Christian"]
[Black "Izrailev, Alexander"]
[Result "1-0"]
[WhiteElo "2089"]
[BlackElo "2272"]
[PlyCount "81"]
[EventDate "2018.01.04"]
[EventType "swiss"]
[EventRounds "7"]
[EventCountry "GER"]
[SourceTitle "EXT 2022"]
[Source "ChessBase"]
[SourceDate "2021.10.06"]
[SourceVersion "1"]
[SourceVersionDate "2021.10.06"]
[SourceQuality "1"]

1. e4 d6 2. d4 Nf6 3. Nc3 Nbd7 4. Nf3 e5 5. g3 Be7 6. Bg2 0-0 7. 0-0 c6 8. a4 a5 9. Re1 Qc7 10. h3 Re8 11. g4 g6 12. Be3 Bf8 13. Qd2 Bg7 14. Rad1 Bf8 15. Nh2 Bg7 16. f4 Nf8 17. f5 N6d7 18. d5 Nb6 19. b3 cxd5 20. Nb5 Qd8 21. exd5 Ra6 22. Qf2 Bf6 23. g5 Bh8 24. f6 Bf5 25. Ng4 Bxg4 26. hxg4 Nbd7 27. Qh4 Qc8 28. Rd2 e4 29. Bd4 e3 30. Bxe3 Ne5 31. Bd4 Nxg4 32. Rxe8 Qxe8 33. Nc7 Qc8 34. Nxa6 Ne5 35. Bxe5 dxe5 36. Bh3 Qc3 37. Rd3 Qxc2 38. Qc4 Qb1+ 39. Bf1 h6 40. Nc5 hxg5 41. Ne4 1-0

[Event "Niedersachsen-ch"]
[Site "Verden"]
[Date "2018.01.05"]
[Round "4"]
[White "Izrailev, Alexander"]
[Black "Hampel, Felix"]
[Result "1-0"]
[WhiteElo "2272"]
[BlackElo "2189"]
[PlyCount "91"]
[EventDate "2018.01.04"]
[EventType "swiss"]
[EventRounds "7"]
[EventCountry "GER"]
[SourceTitle "EXT 2022"]
[Source "ChessBase"]
[SourceDate "2021.10.06"]
[SourceVersion "1"]
[SourceVersionDate "2021.10.06"]
[SourceQuality "1"]

1. e4 g6 2. d4 Bg7 3. Nc3 c6 4. Nf3 d6 5. a4 Nf6 6. g3 0-0 7. Bg2 Nbd7 8. 0-0 Qc7 9. h3 e5 10. a5 Re8 11. Re1 Nf8 12. Be3 exd4 13. Nxd4 Ne6 14. Qd2 Nxd4 15. Bxd4 Be6 16. Red1 Red8 17. Qe2 Ne8 18. Qe3 Bxd4 19. Qxd4 b5 20. axb6 axb6 21. f4 b5 22. g4 b4 23. Rxa8 Rxa8 24. Qxb4 Rb8 25. Qd4 c5 26. Qd3 Rxb2 27. f5 Ba2 28. e5 dxe5 29. Qd8 Qxd8 30. Rxd8 gxf5 31. gxf5 Kg7 32. Rxe8 Rxc2 33. Nxa2 Rxa2 34. Rxe5 Rc2 35. Re7 Kf6 36. Rc7 Kxf5 37. Rxf7+ Kg6 38. Rc7 Rc1+ 39. Kf2 h6 40. Kg3 Rc3+ 41. Kf4 Rc4+ 42. Be4+ Kh5 43. Rc6 Ra4 44. Re6 Rb4 45. h4 Ra4 46. Kg3 1-0

[Event "Hannover Bezirks op"]
[Site "Hannover"]
[Date "2017.02.04"]
[Round "2.2"]
[White "Izrailev, Alexander"]
[Black "Majewski, Thomas"]
[Result "1-0"]
[WhiteElo "2255"]
[BlackElo "1770"]
[PlyCount "27"]
[EventDate "2017.01.21"]
[EventType "swiss"]
[EventRounds "7"]
[EventCountry "GER"]
[SourceTitle "EXT 2022"]
[Source "ChessBase"]
[SourceDate "2021.10.06"]
[SourceVersion "1"]
[SourceVersionDate "2021.10.06"]
[SourceQuality "1"]

1. e4 g6 2. d4 Bg7 3. Nc3 d6 4. Be3 a6 5. Qd2 Nd7 6. f4 c5 7. Nf3 cxd4 8. Bxd4 e5 9. Be3 Ngf6 10. Qxd6 Ng4 11. Bg1 exf4 12. Nd5 f5 13. Nc7+ Kf7 14. Bc4# 1-0

[Event "Niedersachsen-ch"]
[Site "Verden"]
[Date "2017.01.05"]
[Round "1"]
[White "Izrailev, Alexander"]
[Black "Wielebinski, Paul Martin"]
[Result "1-0"]
[WhiteElo "2263"]
[BlackElo "2058"]
[PlyCount "73"]
[EventDate "2017.01.05"]
[EventType "swiss"]
[EventRounds "7"]
[EventCountry "GER"]
[SourceTitle "EXT 2018"]
[Source "ChessBase"]
[SourceDate "2017.10.13"]
[SourceVersion "1"]
[SourceVersionDate "2017.10.13"]
[SourceQuality "1"]

1. e4 c5 2. Nf3 Nc6 3. Bb5 Qb6 4. Nc3 e6 5. 0-0 a6 6. Bxc6 Qxc6 7. d4 cxd4 8. Nxd4 Qc7 9. Re1 Bd6 10. Nf3 Ne7 11. e5 Bb4 12. Bd2 d5 13. Nb5 Qb6 14. Bxb4 Qxb5 15. Bxe7 Kxe7 16. Nd4 Qxb2 17. Re3 Qb6 18. Rb1 Qc7 19. Qg4 Kf8 20. Qf4 Qe7 21. Rc3 g5 22. Qd2 Rg8 23. Qe3 Rg6 24. Rc5 Kg7 25. Rb6 g4 26. f4 gxf3 27. Nxf3 Rg4 28. Qc3 d4 29. Qc4 Qe8 30. Rc7 Bd7 31. Rbxb7 Rc8 32. Rxc8 Bxc8 33. Rb8 Qd8 34. Qxc8 Qxc8 35. Rxc8 d3 36. cxd3 Ra4 37. Rc2 1-0

[Event "Hannover-chA"]
[Site "Lehrte"]
[Date "2016.10.03"]
[Round "5"]
[White "Izrailev, Alexander"]
[Black "Schulz, Daniel"]
[Result "1-0"]
[WhiteElo "2273"]
[BlackElo "1964"]
[PlyCount "71"]
[EventDate "2016.10.01"]
[EventType "swiss"]
[EventRounds "7"]
[EventCountry "GER"]
[SourceTitle "EXT 2020"]
[Source "ChessBase"]
[SourceDate "2019.10.17"]
[SourceVersion "1"]
[SourceVersionDate "2019.10.17"]
[SourceQuality "1"]

1. e4 e6 2. d4 d5 3. Nd2 Nf6 4. e5 Nfd7 5. Bd3 c5 6. c3 Nc6 7. Ne2 f6 8. exf6 Qxf6 9. Nf3 Bd6 10. Bg5 Qf7 11. Bh4 h6 12. Bg3 e5 13. dxe5 Ndxe5 14. Nxe5 Bxe5 15. 0-0 0-0 16. Qd2 Be6 17. f4 Bf6 18. f5 Bd7 19. Bd6 Be7 20. Bxe7 Qxe7 21. Bc2 d4 22. cxd4 cxd4 23. Kh1 Qe3 24. Qd1 Rae8 25. Ng3 Kh8 26. Rf3 Qe5 27. Qd2 Qa5 28. Qf2 Ne5 29. Rf4 d3 30. Bb3 Qb6 31. Qd2 Bb5 32. Raf1 Nd7 33. a4 Bc6 34. Be6 Qc7 35. Bxd7 Qxd7 36. f6 1-0

[Event "Oberliga Nord W 1415"]
[Site "Germany"]
[Date "2015.04.12"]
[Round "9.1"]
[White "Joachim, Sven"]
[Black "Izrailev, Alexander"]
[Result "0-1"]
[WhiteElo "2393"]
[BlackElo "2293"]
[PlyCount "66"]
[EventDate "2014.09.22"]
[EventType "team-tourn"]
[EventRounds "9"]
[EventCountry "GER"]
[SourceTitle "EXT 2016"]
[Source "ChessBase"]
[SourceDate "2015.10.08"]
[SourceVersion "1"]
[SourceVersionDate "2015.10.08"]
[SourceQuality "1"]
[WhiteTeam "Werder Bremen II"]
[BlackTeam "Hannover"]
[WhiteTeamCountry "GER"]
[BlackTeamCountry "GER"]

1. e4 e6 2. d4 d5 3. Nc3 Bb4 4. e5 c5 5. a3 Bxc3+ 6. bxc3 Ne7 7. Qg4 Qc7 8. Qxg7 Rg8 9. Qxh7 cxd4 10. Ne2 Nbc6 11. f4 Bd7 12. Qd3 dxc3 13. h4 0-0-0 14. h5 d4 15. h6 Be8 16. h7 Rh8 17. g4 Nd5 18. Rb1 f6 19. exf6 Nxf6 20. g5 Rxh7 21. Bh3 Ng4 22. Rg1 Nce5 23. fxe5 Nxe5 24. Bxe6+ Kb8 25. Qf5 Bg6 26. Qxe5 Qxe5 27. Bf4 Qxf4 28. Nxf4 Bxc2 29. Rc1 Rh2 30. Ng2 Be4 31. Kf2 Rf8+ 32. Kg3 Rh5 33. Bg4 Rxg5 0-1

[Event "Hannover-chC"]
[Site "Lehrte"]
[Date "2014.10.26"]
[Round "4"]
[White "Plischki, Sebastian"]
[Black "Izrailev, Alexander"]
[Result "1/2-1/2"]
[WhiteElo "2357"]
[BlackElo "2221"]
[PlyCount "36"]
[EventDate "2014.10.25"]
[EventType "swiss"]
[EventRounds "7"]
[EventCountry "GER"]
[SourceTitle "EXT 2021"]
[Source "ChessBase"]
[SourceDate "2020.10.23"]
[SourceVersion "1"]
[SourceVersionDate "2020.10.23"]
[SourceQuality "1"]

1. d4 e6 2. c4 f5 3. g3 Nf6 4. Bg2 d5 5. Nh3 c6 6. Qc2 Bd6 7. 0-0 0-0 8. Bf4 Be7 9. Nd2 Na6 10. a3 Bd7 11. b4 Qe8 12. Rad1 Rc8 13. f3 Nc7 14. Nf2 dxc4 15. Nxc4 Ncd5 16. Bc1 c5 17. dxc5 Ba4 18. Qb2 Bxd1 1/2-1/2

[Event "Oberliga Nord W 1415"]
[Site "Germany"]
[Date "2014.09.22"]
[Round "1.1"]
[White "Izrailev, Alexander"]
[Black "Ermel, Dirk"]
[Result "1-0"]
[WhiteElo "2291"]
[BlackElo "2163"]
[PlyCount "125"]
[EventDate "2014.09.22"]
[EventType "team-tourn"]
[EventRounds "9"]
[EventCountry "GER"]
[SourceTitle "EXT 2016"]
[Source "ChessBase"]
[SourceDate "2015.10.08"]
[SourceVersion "1"]
[SourceVersionDate "2015.10.08"]
[SourceQuality "1"]
[WhiteTeam "Hannover"]
[BlackTeam "Hildesheim"]
[WhiteTeamCountry "GER"]
[BlackTeamCountry "GER"]

1. e4 c6 2. d4 d5 3. e5 Bf5 4. Nf3 e6 5. Be2 Nd7 6. 0-0 Ne7 7. c4 dxc4 8. Bxc4 Nb6 9. Be2 Ned5 10. Nc3 Be7 11. Bd3 Nxc3 12. bxc3 Bxd3 13. Qxd3 Qd5 14. Bg5 Qc4 15. Qc2 Nd5 16. Bxe7 Kxe7 17. Rac1 Nf4 18. Rce1 Rad8 19. Qd2 Ng6 20. Qb2 Qa6 21. Qb4+ Ke8 22. Ng5 Ne7 23. Ne4 Nc8 24. f4 Qb6 25. Qa3 Rd5 26. f5 Ra5 27. Qc1 exf5 28. Nd6+ Nxd6 29. exd6+ Kd8 30. Qg5+ Kc8 31. Qxg7 Rd8 32. Qxf7 c5 33. d7+ Rxd7 34. Re8+ Kc7 35. Qf8 Qd6 36. Rc8+ Kb6 37. dxc5+ Rxc5 38. Rb1+ Rb5 39. Rxb5+ Kxb5 40. Qxf5+ Ka6 41. Qf1+ Ka5 42. h3 Re7 43. Qf2 b6 44. Rf8 Qd1+ 45. Kh2 Re1 46. Rf5+ Ka6 47. Qf4 Rh1+ 48. Kg3 Qe1+ 49. Kg4 Qd1+ 50. Kg5 Qd8+ 51. Kh6 Qg8 52. Qa4+ Kb7 53. Qd7+ Ka6 54. Qd3+ Kb7 55. Qd7+ Ka6 56. Rg5 Qc4 57. Rg4 Rd1 58. Qxd1 Qe6+ 59. Kh5 Qf5+ 60. Rg5 Qf7+ 61. Kg4 h5+ 62. Rxh5 Qg6+ 63. Kf4 1-0

[Event "Hannover Region-ch"]
[Site "Hannover"]
[Date "2014.04.12"]
[Round "6"]
[White "Izrailev, Alexander"]
[Black "Kleinschroth, Roland"]
[Result "1-0"]
[WhiteElo "2268"]
[BlackElo "2094"]
[PlyCount "67"]
[EventDate "2014.02.01"]
[EventType "swiss"]
[EventRounds "7"]
[EventCountry "GER"]
[SourceTitle "EXT 2021"]
[Source "ChessBase"]
[SourceDate "2020.10.23"]
[SourceVersion "1"]
[SourceVersionDate "2020.10.23"]
[SourceQuality "1"]

1. e4 c5 2. Nf3 Nc6 3. Bb5 g6 4. 0-0 Bg7 5. Re1 Nd4 6. Nxd4 cxd4 7. c4 Qc7 8. d3 Nh6 9. e5 0-0 10. Bf4 d6 11. exd6 exd6 12. Nd2 Ng4 13. Ne4 Ne5 14. Qe2 a6 15. Ba4 Bf5 16. Rad1 Bxe4 17. Qxe4 Qa5 18. Bb3 b6 19. Bd2 Qc5 20. a3 a5 21. Ba4 Ra7 22. h3 f5 23. Qe2 f4 24. f3 Kh8 25. Qe4 Raf7 26. b4 axb4 27. Bxb4 Qc7 28. Qd5 Rd8 29. Re2 Rf5 30. Rde1 Rg5 31. Kf1 Rf5 32. Re4 h6 33. R4e2 Nxd3 34. Re8+ 1-0